000 00638nam a22002057a 4500
003 OSt
005 20230127151727.0
008 221006b |||||||| |||| 00| 0 eng d
040 _cBiblioteca Lado V
082 _aG861.1
_bS712s
130 _9695
_aS.o.P.a
_lspa
245 _a11 Resistant/
260 _aGuatemala
300 _c11x10cm
_a32p.
650 _2Tesauro de Arte & Arquitectura
_aPOESIA
650 _2Tesauro de Arte & Arquitectura
_aLITERATURA
650 _2Tesauro de Arte & Arquitectura
_aARTE ESCRITO
650 _2Tesauro de Arte & Arquitectura
_aGUATEMALA
942 _2ddc
_c1
_hC861.1
_iS712s
_n0
999 _c2983
_d2983